| Tag |
First Indicator |
Second Indicator |
Subfields |
| LEADER |
00000nam a2200000Ia 4500 |
| 001 |
in00004302921 |
| 005 |
20200810085600.0 |
| 006 |
m g d |
| 007 |
cr bn |||a|bb| |
| 008 |
870427s1681 enka o 00| | eng d |
| 035 |
|
|
|a (OCoLC)15597207
|
| 040 |
|
|
|a EAE
|c EAE
|d m/c
|d UMI
|d WaOLN
|
| 037 |
|
|
|a CL0037000057
|b ProQuest Information and Learning. 300 N. Zeeb Rd., Ann Arbor, MI 48106
|
| 043 |
|
|
|a e-uk---
|
| 090 |
|
|
|a PR3349.C4
|b R37 1681
|
| 049 |
|
|
|a UMIA
|
| 100 |
1 |
|
|a Colledge, Stephen,
|d 1635?-1681.
|
| 245 |
1 |
2 |
|a A ra-ree show :
|b to the tune of I am a senceless thing.
|
| 260 |
|
|
|a London :
|b Printed for B.T., and sold at his shop ...,
|c 1681.
|
| 300 |
|
|
|a 1 online resource (2 leaves :
|b illustrations.
|
| 336 |
|
|
|a text
|b txt
|2 rdacontent
|
| 337 |
|
|
|a computer
|b c
|2 rdamedia
|
| 338 |
|
|
|a online resource
|b cr
|2 rdacarrier
|
| 500 |
|
|
|a In verse.
|
| 500 |
|
|
|a Attributed by Wing and NUC pre-1956 imprints to Colledge.
|
| 500 |
|
|
|a Second leaf contains engraved cartoon entitled: West-ward hoy.
|
| 500 |
|
|
|a Reproduction of the original in the Huntington Library.
|
| 510 |
4 |
|
|a Wing
|c C5226A
|
| 533 |
|
|
|a Electronic reproduction.
|b Ann Arbor, Mich. :
|c UMI,
|d 1999-
|f (Early English books online)
|n Digital version of: (Early English books, 1641-1700 ; 1589:13)
|7 s1999 miun s
|
| 651 |
|
0 |
|a Great Britain
|x Politics and government
|y 1660-1688
|v Anecdotes
|
| 730 |
0 |
|
|a I am a senceless thing.
|
| 740 |
0 |
|
|a Ra ree show.
|
| 740 |
0 |
|
|a Raree show.
|
| 830 |
|
0 |
|a Early English books online.
|
| 856 |
4 |
0 |
|u http://proxy.library.tamu.edu/login?url=https://search.proquest.com/docview/2240899110
|z Connect to the full text of this electronic book
|t 0
|
| 999 |
f |
f |
|s e6e58483-4826-37fc-bd04-4c9f30beb923
|i f26566ec-e14a-39e3-a450-3299deb0894c
|t 0
|
| 952 |
f |
f |
|a Texas A&M University
|b College Station
|c Electronic Resources
|d Available Online
|t 0
|e PR3349.C4 R37 1681
|h Library of Congress classification
|
| 998 |
f |
f |
|a PR3349.C4 R37 1681
|t 0
|l Available Online
|